000 00430nam a2200181Ia 4500
001 10640
005 20260306161847.0
008 260306t1967||||xx |||||||||||||| ||spa||
041 _aESP
082 _a946
_bU14
100 _aUbieto, Antonio
_eAUT
245 0 _aIntroducción a la historia de España
260 _c1967
300 _a1011 páginas :
_c23 cm.
650 _aGEN
654 _aCHU
942 _cLIB
_dJUS
_fJUS
_2ddc
_n
999 _c10640
_d10640